Seismic evaluation and retrofit of concrete buildings: a p ATC 40 (Record no. 553600)
[ view plain ]
| 000 -LEADER | |
|---|---|
| fixed length control field | 00524nam a22001337a 4500 |
| 082 ## - DEWEY DECIMAL CLASSIFICATION NUMBER | |
| Classification number | 624.1762 |
| Author Mark | SEI |
| -- | N-02,P-76 |
| 110 ## - MAIN ENTRY--CORPORATE NAME | |
| Corporate name or jurisdiction name as entry element | Seismic Safety Commission State of California |
| 9 (RLIN) | 50870 |
| 245 ## - TITLE STATEMENT | |
| Title | Seismic evaluation and retrofit of concrete buildings: a p ATC 40 |
| Statement of responsibility, etc. | Seismic Safety Commission State of California |
| 260 ## - PUBLICATION, DISTRIBUTION, ETC. | |
| Place of publication, distribution, etc. | California .: |
| Name of publisher, distributor, etc. | Seismic Safety Commission State of California |
| Date of publication, distribution, etc. | 1996 |
| 300 ## - PHYSICAL DESCRIPTION | |
| Extent | various pages. |
| Other physical details | ill; |
| 526 ## - STUDY PROGRAM INFORMATION NOTE | |
| Program name | 0 |
| Interest level | 0 |
| Reading level | 0 |
| Title point value | 624_176200000000000_SEI |
| 650 ## - SUBJECT ADDED ENTRY--TOPICAL TERM | |
| Topical term or geographic name entry element | ACT-40 |
| 9 (RLIN) | 50871 |
| 942 ## - ADDED ENTRY ELEMENTS (KOHA) | |
| Source of classification or shelving scheme | |
| Koha item type | Book |
| Withdrawn status | Lost status | Source of classification or shelving scheme | Damaged status | Not for loan | Permanent Location | Current Location | Date acquired | Total Checkouts | Full call number | Barcode | Date last seen | Price effective from | Koha item type |
|---|---|---|---|---|---|---|---|---|---|---|---|---|---|
| Military College of Engineering (MCE) | Military College of Engineering (MCE) | 08/31/2015 | 624.1762 SEI | MCE-47486 | 08/31/2015 | 08/31/2015 | Book |
